Satyricon /

में बचाया:
ग्रंथसूची विवरण
मुख्य लेखक: Petronius Arbiter (लेखक)
अन्य लेखक: Cibotto, Gian Antonio
स्वरूप: पुस्तक
भाषा:इतालवी
प्रकाशित: Roma : Newton Compton, 1986
संस्करण:3. ed
श्रृंखला:Universale tascabile ; 53
टैग: टैग जोड़ें
कोई टैग नहीं, इस रिकॉर्ड को टैग करने वाले पहले व्यक्ति बनें!

MARC

LEADER 00000nam a22000007i 4500
001 IT\ICCU\RMS\1149896
003 ItRI
005 20250910121606.0
008 040914s1986 it |||||| ||||| |||||c
040 |b ita  |c ct 
041 7 |a ita  |2 ISO-639-2 
100 0 |a Petronius Arbiter  |0 IT\ICCU\CFIV\015971  |4 aut 
245 1 0 |a Satyricon /  |c Petronio Arbitro ; a cura di G.A. Cibotto. 
250 |a 3. ed 
260 |a Roma :  |b Newton Compton,  |c 1986 
300 |a 255 p. ;  |c 21 cm 
500 |a In cop.: Il capolavoro letterario della romanita imperiale presentato con testo latino a fronte 
700 1 |a Cibotto, Gian Antonio  |0 IT\ICCU\CFIV\024851 
830 0 |a Universale tascabile ;  |v 53  |0 IT\ICCU\CFI\0034289 
942 |2 ddc  |c BK 
952 |0 0  |1 0  |2 ddc  |4 0  |6 B_LCL01ARPETSAT11  |7 0  |9 8134  |a MI  |b MI  |d 1987-10-25  |i 631  |l 0  |o B-LCL01-ARPET-SAT11  |p CDOM631  |r 2025-07-17 21:50:00  |w 2025-07-17  |x ACQUISTO  |y BK 
981 1 |6 z01  |a i   |b xxxe  
982 1 |6 z01  |a n 
999 |c 6816  |d 6816